| 000 | 02909cam a22003614a 4500 | ||
|---|---|---|---|
| 999 |
_c328901 _d328901 |
||
| 001 | 13879590 | ||
| 003 | Nust | ||
| 005 | 20170418172811.0 | ||
| 008 | 050222s2005 enka b 001 0 eng | ||
| 010 | _a 2005004147 | ||
| 020 | _a9781405135566 (pbk. : alk. paper) | ||
| 020 | _a1405135565 (pbk. : alk. paper) | ||
| 040 |
_aDLC _cDLC _dDLC |
||
| 042 | _apcc | ||
| 050 | 0 | 0 |
_aHD9715.A2 _bT487 2005 |
| 082 | 0 | 0 |
_a624.0684 THO _222 |
| 100 | 1 |
_aThomas, Gill, _d1950- |
|
| 245 | 1 | 0 |
_aConstruction partnering & integrated teamworking / _cGill Thomas and Mike Thomas. |
| 246 | 3 | _aConstruction partnering and integrated teamworking | |
| 260 |
_aOxford, UK ; _aMalden, MA : _bBlackwell Pub., _c2005. |
||
| 300 |
_aix, 235 p. : _bill. ; _c25 cm. |
||
| 504 | _aIncludes bibliographical references (p. [230]-232) and index. | ||
| 505 | 0 | _aThe culture change to partnering and integrated teamworking -- Identifying the organisations' value criteria -- Partnering advisers and facilitators -- Internal partnering and managing change -- Selection criteria and weighting -- Selecting supplier partners -- Writing effective partnering documentation -- Evaluating client partners -- Submitting successful partnering bids -- Assessment, evaluation and award -- Developing the integrated team -- Trust -- Respect for people -- Communication -- Non-technical team roles -- Mutual objectives -- Issue resolution -- Partnering champions and the core groups -- Continuous improvement -- Benchmarking and key performance indicators -- A programme of partnering and integrated team workshops -- Initial partnering workshop -- Continuous improvement review -- Post project review -- Value management -- Risk management -- Lean thinking -- Cola--the cross organisational learning approach -- Implementing best value through partnering and integrated teamworking -- Sustainability -- Whole life costing -- Innovation -- Open book accounting -- Incentivisation and award -- Partnering contracts -- Involving interested parties and inducting new staff -- Avoiding the pitfalls of partnering -- Icebreakers and team building exercises. | |
| 650 | 0 |
_aConstruction industry _xManagement. |
|
| 650 | 0 | _aTeams in the workplace. | |
| 650 | 0 | _aStrategic alliances (Business) | |
| 650 | 0 | _aPartnership. | |
| 700 | 1 |
_aThomas, Mike, _d1947- |
|
| 856 | 4 | 1 |
_3Table of contents _uhttp://www.loc.gov/catdir/toc/ecip058/2005004147.html |
| 856 | 4 | 2 |
_3Contributor biographical information _uhttp://www.loc.gov/catdir/enhancements/fy0802/2005004147-b.html |
| 856 | 4 | 2 |
_3Publisher description _uhttp://www.loc.gov/catdir/enhancements/fy0802/2005004147-d.html |
| 906 |
_a7 _bcbc _corignew _d1 _eecip _f20 _gy-gencatlg |
||
| 942 |
_2ddc _cBK |
||